• 首页
  • 本馆介绍
  • 公告通知
  • 最新文献
  • 馆藏检索
  • 电子资源
  • 读者导购
  • 参考咨询
  • 我的图书馆
  • 登录
  • 详细信息显示
  • 放入我的书架
  • 预约/预借图书
  • 作者相关作品
  • 分类相关作品
  • 丛书相关作品
  • 出版社相关作品

书目信息

  • 表格格式
  • 工作单格式
  • 卡片格式
题名:
怎样阅读和使用统计数字
    
 
作者: 杜之道 著
分册:  
出版信息: 北京   经济科学出版社  1985
页数: 87页
开本: 19cm
丛书名:
单 册:
中图分类: C812
科图分类:
主题词: 统计数据--基本知识
电子资源:
ISBN:
000 00647nam0 2200229 45
001 0185000669
005 20061105162212.14
010    @dCNY0.55
091    @a43312.64
100    @a19900921d1985 em y0chiy0121 ea
101 0  @achi
102    @aCN@b110000
105    @aa z 000yy
200 10 @a怎样阅读和使用统计数字@Azen yang yue du he shi yong tong ji shu zi@f杜之道著
210    @a北京@c经济科学出版社@d1985
215    @a87页@d19cm
606    @a统计数据@x基本知识
690    @aC812@v3 
701  0 @a杜之道@Adu zhi dao@4著
801  2 @aCN@bNLC@c20061105
801  0 @aCN@b深圳图书馆@c20040207
905    @dC812@e10@f5@b138270-274@b138267@f1
    
    怎样阅读和使用统计数字/杜之道著.-北京:经济科学出版社,1985
    87页;19cm
    
    
    ISBN :CNY0.55
    
●
相关链接 在E读中查询图书 在五车中查询图书 在当当中查询图书 在豆瓣中查询图书


正题名:怎样阅读和使用统计数字     索取号:C812/10         预约/预借

序号 登录号 条形码 馆藏地/架位号 状态 备注
1 0138266   001869847   密集书库/ [索取号:C812/10] 在馆    
2 0138267   001143774   密集书库/ [索取号:C812/10] 在馆    
3 0138268   001869883   密集书库/ [索取号:C812/10] 在馆    
4 0138269   001869801   密集书库/ [索取号:C812/10] 在馆    
5 0138270   001143783   第一样本阅览室/ [索取号:C812/10] 在馆    
6 0138271   001143765   密集书库/ [索取号:C812/10] 在馆    
7 0138272   001143818   密集书库/ [索取号:C812/10] 在馆    
8 0138273   001143809   密集书库/ [索取号:C812/10] 在馆    
9 0138274   001143827   密集书库/ [索取号:C812/10] 在馆    
10 0138275   001143792   密集书库/ [索取号:C812/10] 在馆    
唐山师范学院图书馆 欢迎您!
大连网信软件有限公司© 版权所有